| Tag |
First Indicator |
Second Indicator |
Subfields |
| LEADER |
00000cam a2200000 i 4500 |
| 001 |
in00003781920 |
| 005 |
20211120173902.0 |
| 006 |
m o d f |
| 007 |
cr bn||||a|a|| |
| 008 |
111115s1980 dcua ob f000 0 eng c |
| 035 |
|
|
|a (OCoLC)ocn761279011
|
| 040 |
|
|
|a OCLCE
|b eng
|e rda
|e pn
|c OCLCE
|d OCLCQ
|d OCLCF
|d OCLCQ
|d OCLCO
|d GPO
|d MvI
|d UtOrBLW
|
| 042 |
|
|
|a pcc
|
| 049 |
|
|
|a WWW
|
| 074 |
|
|
|a 0830-H-14 (online)
|
| 086 |
0 |
|
|a NAS 1.26:3300
|
| 100 |
1 |
|
|a Simpson, Carol A.,
|e author.
|0 http://id.loc.gov/authorities/names/n81021113
|
| 245 |
1 |
0 |
|a Synthesized voice approach callouts for air transport operations /
|c Carol A. Simpson ; prepared for Ames Research Center.
|
| 264 |
|
1 |
|a Washington, D.C. :
|b National Aeronautics and Space Administration, Scientific and Technical Information Branch,
|c 1980.
|
| 300 |
|
|
|a 1 online resource (120 unnumbered pages) :
|b illustrations.
|
| 336 |
|
|
|a text
|b txt
|2 rdacontent
|
| 337 |
|
|
|a computer
|b c
|2 rdamedia
|
| 338 |
|
|
|a online resource
|b cr
|2 rdacarrier
|
| 490 |
1 |
|
|a NASA contractor report ;
|v 3300
|
| 500 |
|
|
|a Title from title screen (viewed Feb. 3, 2016).
|
| 500 |
|
|
|a "Oct. 1980."
|
| 504 |
|
|
|a Includes bibliographical references.
|
| 536 |
|
|
|b A64184B
|
| 650 |
|
0 |
|a Flight simulators.
|0 http://id.loc.gov/authorities/subjects/sh85049125
|
| 650 |
|
0 |
|a Synthetic training devices.
|0 http://id.loc.gov/authorities/subjects/sh85131674
|
| 650 |
|
7 |
|a Flight simulators.
|2 fast
|0 (OCoLC)fst00927364
|
| 650 |
|
7 |
|a Synthetic training devices.
|2 fast
|0 (OCoLC)fst01141282
|
| 710 |
1 |
|
|a United States.
|b National Aeronautics and Space Administration.
|b Scientific and Technical Information Branch,
|e issuing body.
|0 http://id.loc.gov/authorities/names/n78091122
|
| 710 |
2 |
|
|a Ames Research Center,
|e sponsoring body.
|0 http://id.loc.gov/authorities/names/n79138699
|
| 776 |
0 |
8 |
|i Print version:
|a Simpson, Carol A.
|t Synthesized voice approach callouts for air transport operations
|w (OCoLC)7267299
|
| 830 |
|
0 |
|a NASA contractor report ;
|v 3300.
|0 http://id.loc.gov/authorities/names/n83825229
|
| 856 |
4 |
0 |
|u https://purl.fdlp.gov/GPO/gpo65111
|t 0
|
| 999 |
f |
f |
|s 6169720d-dd59-3ee0-8b39-6cb07d397fb7
|i 2fd2bc7e-eca3-3063-930d-2bc7a7c0ba3d
|t 0
|
| 952 |
f |
f |
|a Texas A&M University
|b College Station
|c Electronic Resources
|d Available Online
|t 0
|e NAS 1.26:3300
|h Superintendent of Documents classification
|
| 998 |
f |
f |
|a NAS 1.26:3300
|t 0
|l Available Online
|